Перейти до змісту

Практикум по высшей математике. Интегральное исчисление функции одной переменной. Обыкновенные дифференциальные уравнения учебное пособие

Это второе пособие из серии «Практикум по высшей математике». Оно состоит из двух частей: интегральное исчисление функции одной переменной и обыкновенные дифференциальные уравнения. Пособие предназначено помочь студентам самостоятельно овладеть навыками решения типовых задач по математике, необходим...

Повний опис

Збережено в:
Бібліографічні деталі
Автор: Икрянников, В. И. (070)
Формат: Книга
Предмети:
Онлайн доступ:Перейти к просмотру издания
Теги: Додати тег
Немає тегів, Будьте першим, хто поставить тег для цього запису!
LEADER 03208nam0a2200361 4500
001 RU/IPR SMART/45421
856 4 |u https://www.iprbookshop.ru/45421.html  |z Перейти к просмотру издания 
801 1 |a RU  |b IPR SMART  |c 20250903  |g RCR 
010 |a 978-5-7782-1316-6 
205 |a Практикум по высшей математике. Интегральное исчисление функции одной переменной. Обыкновенные дифференциальные уравнения  |b 2030-02-05 
333 |a Гарантированный срок размещения в ЭБС до 05.02.2030 (автопролонгация) 
100 |a 20250903d2010 k y0rusy01020304ca 
105 |a y j 000zy 
101 0 |a rus 
102 |a RU 
200 1 |a Практикум по высшей математике. Интегральное исчисление функции одной переменной. Обыкновенные дифференциальные уравнения  |e учебное пособие  |f В. И. Икрянников, Э. Б. Шварц 
700 1 |a Икрянников,   |b В. И.  |4 070 
701 1 |a Шварц,   |b Э. Б.  |4 070 
330 |a Это второе пособие из серии «Практикум по высшей математике». Оно состоит из двух частей: интегральное исчисление функции одной переменной и обыкновенные дифференциальные уравнения. Пособие предназначено помочь студентам самостоятельно овладеть навыками решения типовых задач по математике, необходимыми для успешной сдачи экзамена и в последующем изучения специальных дисциплин. Пособие снабжено большим количеством примеров, решение которых сопровождается подробными комментариями. Кроме этого, в начале каждой новой темы приводится краткий теоретический материал, позволяющий облегчить понимание методов решения задач. Пособие предназначено для студентов заочного отделения. 
210 |a Новосибирск  |c Новосибирский государственный технический университет  |d 2010 
610 1 |a высшая математика 
610 1 |a интегральное исчисление 
610 1 |a исчисление функции 
610 1 |a дифференциальное уравнение 
675 |a 517 
686 |a 22.1  |2 rubbk 
300 |a Книга находится в премиум-версии IPR SMART. 
106 |a s 
230 |a Электрон. дан. (1 файл) 
336 |a Текст 
337 |a электронный 
503 0 |a Доступна эл. версия. IPR SMART 
215 |a 124 с.